00532nam a2200157 a 450000100100000000500170001000800410002704000250006810000290009324500680012226000320019030000210022204900090024395201050025299900170035700002685420200930030442.0110325s1905 ht 000 0 spa d aDO-SdBNPbspacBNPHU1 aSannon, Pauléus95396710aEssai historique sur la revolution de 1843 /cPauléus Sannon. aHaiti, :bBonnefill,c1905. a211 p. ;c23 cm. aBNPD 001050718MOaGRbGRcCTd2011-03-25iLF1l0o p26854-10r2020-06-25w2020-06-25y1ZNo se presta c26346d26346